000 00454nam a2200157 4500
001 127013
003 ES-MaACL
005 20230906192927.0
007 t|
008 070214s1949 sp r ||||1| spa d
100 1 _aRey Romero, Faustino.
_996538
245 1 0 _aFlorilegio poético
_b: (poemas) /
_cFaustino Rey Romero.
260 _aPontevedra :
_b+Spes,
_c1949.
300 _a27 p., 1 lám. :
_b`retr. aut.` ;
_c21 cm.
852 _aES-MaACL
_j1899-F-14
999 _c127013
_d127013